LEADER 01741oam 2200457 450 001 9910716950203321 005 20220103111935.0 035 $a(CKB)5470000002526694 035 $a(OCoLC)1285131368 035 $a(EXLCZ)995470000002526694 100 $a20211112d1982 ua 0 101 0 $aeng 135 $aur||||||||||| 181 $ctxt$2rdacontent 182 $cc$2rdamedia 183 $acr$2rdacarrier 200 10$aFlow model of the Hudson River Estuary from Albany to New Hamburg, New York /$fby David A. Stedfast 210 1$aAlbany, New York :$cU.S. Geological Survey,$d1982. 215 $a1 online resource (vi, 69 pages) $cillustrations, maps 225 1 $aWater-resources investigations report ;$v81-55 300 $a"June 1982." 320 $aIncludes bibliographical references (page 13). 606 $aEstuaries$zHudson River (N.Y. and N.J.)$xMathematical models 606 $aUnsteady flow (Fluid dynamics)$xComputer simulation 606 $aOne-dimensional flow$xMathematical models 606 $aGroundwater flow$zHudson River (N.Y. and N.J.)$xMathematical models 606 $aStream measurements$zHudson River (N.Y. and N.J.) 615 0$aEstuaries$xMathematical models. 615 0$aUnsteady flow (Fluid dynamics)$xComputer simulation. 615 0$aOne-dimensional flow$xMathematical models. 615 0$aGroundwater flow$xMathematical models. 615 0$aStream measurements 700 $aStedfast$b D. A.$01401280 712 02$aGeological Survey (U.S.), 801 0$bGPO 801 1$bGPO 801 2$bGPO 906 $aBOOK 912 $a9910716950203321 996 $aFlow model of the Hudson River Estuary from Albany to New Hamburg, New York$93537955 997 $aUNINA